Physiology of Behavior (Record no. 349404)
[ view plain ]
| 000 -LEADER | |
|---|---|
| fixed length control field | 00364nam a22001577a 4500 |
| 003 - CONTROL NUMBER IDENTIFIER | |
| control field | OSt |
| 005 - DATE AND TIME OF LATEST TRANSACTION | |
| control field | 20180116182948.0 |
| 008 - FIXED-LENGTH DATA ELEMENTS--GENERAL INFORMATION | |
| fixed length control field | 131008b xxu||||| |||| 00| 0 eng d |
| 040 ## - CATALOGING SOURCE | |
| Transcribing agency | 0 |
| 082 ## - DEWEY DECIMAL CLASSIFICATION NUMBER | |
| Edition number | 11th |
| Classification number | 152 CAR 2013 |
| 100 ## - MAIN ENTRY--PERSONAL NAME | |
| Personal name | Neil R. Carlson |
| 245 ## - TITLE STATEMENT | |
| Title | Physiology of Behavior |
| Statement of responsibility, etc. | Neil R. Carlson |
| 260 ## - PUBLICATION, DISTRIBUTION, ETC. | |
| Date of publication, distribution, etc. | 2013 |
| 300 ## - PHYSICAL DESCRIPTION | |
| Extent | 748p. |
| 942 ## - ADDED ENTRY ELEMENTS (KOHA) | |
| Source of classification or shelving scheme | |
| Koha item type | Book |
| Withdrawn status | Lost status | Source of classification or shelving scheme | Damaged status | Not for loan | Collection code | Permanent Location | Current Location | Shelving location | Date acquired | Total Checkouts | Full call number | Barcode | Date last seen | Price effective from | Koha item type |
|---|---|---|---|---|---|---|---|---|---|---|---|---|---|---|---|
| Central Library (CL) | Central Library (CL) | General Stacks | 10/08/2013 | 152 CAR 2013 | NBSPS-26 | 10/08/2013 | 10/08/2013 | Book | |||||||
| Central Library (CL) | Central Library (CL) | General Stacks | 10/08/2013 | 152 CAR 2013 | NBSPS-27 | 10/08/2013 | 10/08/2013 | Book | |||||||
| Central Library (CL) | Central Library (CL) | General Stacks | 10/08/2013 | 152 CAR 2013 | NBSPS-28 | 10/08/2013 | 10/08/2013 | Book | |||||||
| Central Library (CL) | Central Library (CL) | General Stacks | 10/08/2013 | 152 CAR 2013 | NBSPS-29 | 10/08/2013 | 10/08/2013 | Book | |||||||
| Central Library (CL) | Central Library (CL) | General Stacks | 10/08/2013 | 152 CAR 2013 | NBSPS-30 | 10/08/2013 | 10/08/2013 | Book |
